000 00620nam a2200217 a 4500
001 000019448
005 20200929170024.0
008 100629s2002 sp c 000 0 spa d
020 _a8497642856
040 _aDO-SdBNP
_bspa
_cBNPHU
082 _a927.509
_bG613
245 0 0 _aVan Gogh.
260 _aMadrid :
_bEdimat Libros,
_c2002.
300 _a187 p. :
_bretrs.
490 1 _aGrandes biografías
504 _aIncluye bibliografías [p. 6-7]
600 1 4 _aGOGH,VINCENT VAN,
_d1853-1890
_941752
650 4 _aPintores
_zPaíses Bajos
_xBiografías
_941753
830 0 _aGrandes biografías
_911230
049 _aBNPD
999 _c18964
_d18964